[Event "XXXVI Torneo Internacional de La Roda 2"]
[Site "La Roda (Albacete) - ESPAÑA"]
[Date "2009.04.11"]
[Round "7.1"]
[White "Del Rio De Angelis, Salvador G"]
[Black "Cornette, Matthieu"]
[Result "1/2-1/2"]
[WhiteElo "2531"]
[BlackElo "2573"]
[PlyCount "55"]
[EventDate "2009.03.08"]

1. d4 Nf6 2. c4 e6 3. Nc3 Bb4 4. e3 b6 5. Nge2 Ba6 6. Ng3 h5 7. h4 Bb7 8. Bd2
Bd6 9. Nge2 c5 10. d5 Qe7 11. e4 exd5 12. exd5 Be5 13. Qc2 Ng4 14. Ne4 f5 15.
Bg5 Qf7 16. f3 fxe4 17. fxg4 O-O 18. O-O-O Na6 19. Nc3 Rae8 20. g3 d6 21. Nxe4
Bc8 22. Bd3 Bxg4 23. Rdf1 Qd7 24. Bd2 Rxf1+ 25. Rxf1 Rf8 26. Rxf8+ Kxf8 27. Be3
Nc7 28. Qd2 1/2-1/2

[Event "XXXVI Torneo Internacional de La Roda 2"]
[Site "La Roda (Albacete) - ESPAÑA"]
[Date "2009.04.11"]
[Round "7.2"]
[White "Movsziszian, Karen"]
[Black "Larino Nieto, David"]
[Result "1-0"]
[WhiteElo "2556"]
[BlackElo "2464"]
[PlyCount "83"]
[EventDate "2009.03.08"]

1. g3 c5 2. Bg2 Nc6 3. d3 d6 4. f4 g6 5. Nf3 Bg7 6. O-O e6 7. e4 Nge7 8. c3 O-O
9. Be3 Rb8 10. d4 cxd4 11. cxd4 d5 12. e5 Qb6 13. Qd2 Qb4 14. Nc3 Na5 15. b3
Bd7 16. Rac1 Rfc8 17. g4 Rc6 18. Qe1 Rbc8 19. Bd2 Bf8 20. Nxd5 Nxd5 21. Rxc6
Nxc6 22. Bxb4 Ncxb4 23. Ng5 Bb5 24. f5 Bxf1 25. Bxf1 Nc2 26. Qh4 h6 27. fxg6
Nxd4 28. Qf2 f6 29. Ne4 Nc2 30. exf6 Nce3 31. Qb2 Nc3 32. Nxc3 Bc5 33. f7+ Kf8
34. Ne4 Nd1+ 35. Nxc5 Nxb2 36. Nxe6+ Ke7 37. f8=Q+ Rxf8 38. Nxf8 Kxf8 39. Be2
b5 40. h4 a5 41. Kf2 Kg7 42. h5 1-0

[Event "XXXVI Torneo Internacional de La Roda 2"]
[Site "La Roda (Albacete) - ESPAÑA"]
[Date "2009.04.11"]
[Round "7.3"]
[White "Cruz, Cristhian"]
[Black "Llorente Zaro, Alfonso"]
[Result "1/2-1/2"]
[WhiteElo "2544"]
[BlackElo "2434"]
[PlyCount "38"]
[EventDate "2009.03.08"]

1. d4 Nf6 2. c4 d6 3. Nc3 e5 4. dxe5 dxe5 5. Qxd8+ Kxd8 6. Nf3 Nfd7 7. Bd2 Na6
8. O-O-O Ke8 9. a3 c6 10. b4 Nc7 11. e3 a5 12. c5 axb4 13. axb4 Ra1+ 14. Kb2
Rxd1 15. Nxd1 f6 16. e4 b6 17. cxb6 Nxb6 18. Ne3 Be6 19. Be2 g6 1/2-1/2

[Event "XXXVI Torneo Internacional de La Roda 2"]
[Site "La Roda (Albacete) - ESPAÑA"]
[Date "2009.04.11"]
[Round "7.4"]
[White "Suba, Mihai"]
[Black "Ibarra Jerez, Jose Carlos"]
[Result "1-0"]
[WhiteElo "2542"]
[BlackElo "2514"]
[PlyCount "203"]
[EventDate "2009.03.08"]

1. c4 e5 2. Nc3 Nf6 3. Nf3 Nc6 4. d3 Bb4 5. Bd2 O-O 6. g3 Re8 7. Bg2 d6 8. O-O
a5 9. Bg5 h6 10. Bxf6 Qxf6 11. Nd2 Qd8 12. a3 Bc5 13. e3 Bf5 14. Nde4 Ba7 15.
Rb1 Ne7 16. b4 axb4 17. axb4 c6 18. c5 Bb8 19. cxd6 Bxd6 20. b5 Bc7 21. g4 Bc8
22. h3 cxb5 23. Nxb5 Nc6 24. Qf3 Qe7 25. g5 hxg5 26. Nxg5 Bd8 27. h4 g6 28.
Rfc1 Be6 29. Nxe6 Qxe6 30. h5 Kg7 31. Bh3 Qe7 32. hxg6 fxg6 33. Qg4 Ba5 34. Bg2
Ra6 35. Be4 Qe6 36. Qxe6 Rxe6 37. Nc7 Bxc7 38. Rxb7 Re7 39. Bxc6 Bd6 40. Rxe7+
Bxe7 41. Rc2 Bf6 42. Kg2 Rb6 43. Bd5 Rd6 44. Bc4 Bh4 45. Kh3 Bd8 46. Kg4 Kf6
47. Ra2 Bb6 48. Ra8 Rd8 49. Ra1 Rd6 50. Kf3 Kf5 51. Rg1 Rd7 52. Bd5 Rg7 53.
Be4+ Kf6 54. Kg4 Rd7 55. Kf3 Rg7 56. Rb1 Bd8 57. Rc1 Rc7 58. Ra1 Kg7 59. Kg3
Bf6 60. Rg1 Kh6 61. Kf3 Bg5 62. Rb1 Rf7+ 63. Kg3 Bf6 64. Rb6 Kg7 65. Bd5 Rf8
66. Rb7+ Kh6 67. Kg4 Rd8 68. Bc4 Rf8 69. Bf7 Rd8 70. Rb6 Kg7 71. Bc4 Rf8 72.
Rb1 Kh6 73. Kg3 Kg7 74. Bd5 Kh6 75. Kg4 Kg7 76. Rc1 Kh6 77. Be4 Kg7 78. Rc6 Rf7
79. Re6 Re7 80. Rd6 Re8 81. Ra6 Rf8 82. Ra4 Re8 83. f3 Rd8 84. Ra7+ Kh6 85. Rf7
Rd6 86. f4 exf4 87. exf4 Bg7 88. f5 gxf5+ 89. Bxf5 Rd4+ 90. Be4 Rd6 91. Re7 Rb6
92. d4 Ra6 93. Rd7 Re6 94. Bf5 Rb6 95. Kf4 Ra6 96. d5 Ra4+ 97. Be4 Rd4 98. Rc7
Rd2 99. Kg4 Rf2 100. Rc6+ Bf6 101. Kg3 Rf1 102. Bd3 1-0

[Event "XXXVI Torneo Internacional de La Roda 2"]
[Site "La Roda (Albacete) - ESPAÑA"]
[Date "2009.04.11"]
[Round "7.5"]
[White "Alvarez Pedraza, Aramis"]
[Black "Cabrera, Alexis"]
[Result "1/2-1/2"]
[WhiteElo "2431"]
[BlackElo "2518"]
[PlyCount "40"]
[EventDate "2009.03.08"]

1. d4 f5 2. g3 Nf6 3. Bg2 g6 4. Nf3 Bg7 5. c4 d6 6. b4 O-O 7. Bb2 Nc6 8. b5 Nb8
9. Nbd2 a6 10. Qb3 Kh8 11. O-O Qe8 12. Rfe1 axb5 13. cxb5 c6 14. e4 cxb5 15. e5
dxe5 16. dxe5 Nfd7 17. e6 Nf6 18. Nd4 Qd8 19. a3 Nc6 20. N2f3 Qd5 1/2-1/2

[Event "XXXVI Torneo Internacional de La Roda 2"]
[Site "La Roda (Albacete) - ESPAÑA"]
[Date "2009.04.11"]
[Round "7.6"]
[White "Vera Gonzalez-Quevedo, Reynaldo"]
[Black "Rizouk, Aimen"]
[Result "1/2-1/2"]
[WhiteElo "2475"]
[BlackElo "2505"]
[PlyCount "23"]
[EventDate "2009.03.08"]

1. d4 Nf6 2. c4 e6 3. Nc3 Bb4 4. Qc2 d5 5. a3 Bxc3+ 6. Qxc3 Ne4 7. Qc2 c5 8.
dxc5 Nc6 9. Nf3 Qa5+ 10. Bd2 Qxc5 11. e3 Nxd2 12. Nxd2 1/2-1/2

[Event "XXXVI Torneo Internacional de La Roda 2"]
[Site "La Roda (Albacete) - ESPAÑA"]
[Date "2009.04.11"]
[Round "7.7"]
[White "Antoli Royo, Joaquin Miguel"]
[Black "Korneev, Oleg"]
[Result "0-1"]
[WhiteElo "2416"]
[BlackElo "2587"]
[PlyCount "32"]
[EventDate "2009.03.08"]

1. e4 c5 2. Nf3 e6 3. d4 cxd4 4. Nxd4 a6 5. Nc3 Qc7 6. Be3 Bb4 7. Qd3 Nf6 8.
Bd2 O-O 9. O-O-O Nc6 10. Kb1 Nxd4 11. Qxd4 Bc5 12. Qd3 Ng4 13. Be1 Bxf2 14. h3
Ne5 15. Qe2 Bxe1 16. Qxe1 b5 0-1

[Event "XXXVI Torneo Internacional de La Roda 2"]
[Site "La Roda (Albacete) - ESPAÑA"]
[Date "2009.04.11"]
[Round "7.8"]
[White "Cruz, Filemon"]
[Black "Paunovic, Dragan"]
[Result "0-1"]
[WhiteElo "2411"]
[BlackElo "2537"]
[PlyCount "56"]
[EventDate "2009.03.08"]

1. d4 d6 2. c4 e5 3. Nf3 e4 4. Ng5 Nf6 5. Nc3 Qe7 6. Nh3 c6 7. g3 h6 8. Nf4 g6
9. h4 Bg7 10. e3 Na6 11. Bg2 O-O 12. b3 Bg4 13. Qd2 Rfe8 14. Ba3 Qd7 15. Rc1
Nc7 16. Rc2 Rac8 17. Nce2 d5 18. Nc3 g5 19. hxg5 hxg5 20. Nfe2 Bf8 21. Bxf8
Rxf8 22. Nd1 Kg7 23. Qa5 a6 24. Qb6 Ne6 25. Nec3 Rh8 26. Rg1 Rh2 27. Na4 Rch8
28. Kd2 Rxg2 0-1

[Event "XXXVI Torneo Internacional de La Roda 2"]
[Site "La Roda (Albacete) - ESPAÑA"]
[Date "2009.04.11"]
[Round "7.9"]
[White "Almeida Quintana, Omar"]
[Black "Garcia Blanco, Omar"]
[Result "1-0"]
[WhiteElo "2516"]
[BlackElo "2198"]
[PlyCount "79"]
[EventDate "2009.03.08"]

1. d4 Nf6 2. c4 c5 3. d5 b5 4. Nd2 bxc4 5. e4 Qa5 6. Bxc4 Ba6 7. Qc2 d6 8. b3
Bxc4 9. bxc4 g6 10. Bb2 Bg7 11. e5 dxe5 12. Bxe5 Nbd7 13. Bc3 Qa6 14. Ngf3 O-O
15. O-O Nb6 16. a4 Rfe8 17. Rfe1 Rad8 18. Ne5 e6 19. Nc6 Rc8 20. Qb2 Nbd7 21.
Qb5 Qb6 22. Ba5 Qxb5 23. axb5 Ng4 24. Ra3 Ra8 25. h3 Ngf6 26. dxe6 Rxe6 27.
Rxe6 fxe6 28. Bc3 Nb6 29. Rxa7 Rxa7 30. Nxa7 Ne8 31. Ba5 Nd7 32. Nc8 Nef6 33.
Bc7 Ne8 34. b6 Kf7 35. Ne4 e5 36. Ned6+ Nxd6 37. Nxd6+ Ke6 38. b7 Bf8 39. Nc8
Bg7 40. Nb6 1-0

[Event "XXXVI Torneo Internacional de La Roda 2"]
[Site "La Roda (Albacete) - ESPAÑA"]
[Date "2009.04.11"]
[Round "7.10"]
[White "Gallardo Garcia, Andres"]
[Black "Libiszewski, Fabien"]
[Result "1/2-1/2"]
[WhiteElo "2407"]
[BlackElo "2505"]
[PlyCount "27"]
[EventDate "2009.03.08"]

1. d4 Nf6 2. c4 g6 3. Nc3 Bg7 4. e4 d6 5. Nf3 O-O 6. Be2 e5 7. O-O Na6 8. Re1
Qe8 9. Bf1 Bg4 10. d5 Nb4 11. Rb1 Nh5 12. Nb5 Qd7 13. a3 Bxf3 14. Qxf3 1/2-1/2

[Event "XXXVI Torneo Internacional de La Roda 2"]
[Site "La Roda (Albacete) - ESPAÑA"]
[Date "2009.04.11"]
[Round "7.11"]
[White "Pomes Marcet, Juan"]
[Black "Starostits, Ilmars"]
[Result "0-1"]
[WhiteElo "2384"]
[BlackElo "2464"]
[PlyCount "56"]
[EventDate "2009.03.08"]

1. d4 d5 2. c4 dxc4 3. Nf3 c6 4. e3 Be6 5. Nc3 b5 6. a4 b4 7. Ne4 Nf6 8. Ned2
c3 9. bxc3 bxc3 10. Nc4 Nbd7 11. a5 Bd5 12. Bd3 g6 13. Qe2 Ne4 14. Qc2 f5 15.
Nfe5 Nxe5 16. Nxe5 Bg7 17. O-O O-O 18. f3 Nc5 19. Qxc3 Nxd3 20. Nxd3 Rb8 21.
Ra3 Qd6 22. Bd2 Rb5 23. Rc1 g5 24. Be1 f4 25. Bf2 fxe3 26. Bxe3 Rfb8 27. Nf2 c5
28. Qd2 cxd4 0-1

[Event "XXXVI Torneo Internacional de La Roda 2"]
[Site "La Roda (Albacete) - ESPAÑA"]
[Date "2009.04.11"]
[Round "7.12"]
[White "Espinosa Aranda, Angel"]
[Black "Pozo Vera, Sandro"]
[Result "0-1"]
[WhiteElo "2336"]
[BlackElo "2459"]
[PlyCount "116"]
[EventDate "2009.03.08"]

1. e4 e6 2. d4 d5 3. Nc3 Bb4 4. e5 c5 5. Bd2 Ne7 6. a3 Bxc3 7. Bxc3 b6 8. Nf3
Ba6 9. Bxa6 Nxa6 10. Qe2 Nb8 11. O-O O-O 12. Rad1 Qc7 13. Bd2 Nbc6 14. Be3 Rfc8
15. c3 Na5 16. Nd2 cxd4 17. Bxd4 Nf5 18. Nf3 Qc4 19. Rfe1 Qxe2 20. Rxe2 Nb3 21.
g4 Ne7 22. h3 b5 23. Kf1 a5 24. Nd2 Nxd4 25. cxd4 a4 26. Nf3 Rc4 27. Ne1 Rac8
28. Red2 Nc6 29. Nc2 Na5 30. Ne3 R4c7 31. Ke1 g5 32. Re2 Nb3 33. f3 Rc1 34. Rf2
Nxd4 35. Kd2 Rxd1+ 36. Nxd1 Rc2+ 37. Ke3 Rc4 38. Nc3 Nc6 39. Nxb5 Nxe5 40. Nd4
Nc6 41. Nxc6 Rxc6 42. f4 h6 43. f5 Kg7 44. Kd4 Rc4+ 45. Ke5 Re4+ 46. Kd6 Rf4
47. Rg2 exf5 48. Kxd5 fxg4 49. hxg4 Kg6 50. Rg3 h5 51. b4 axb3 52. gxh5+ Kxh5
53. Rxb3 g4 54. Ke5 Rf3 55. Rb8 Rxa3 56. Rh8+ Kg5 57. Rg8+ Kh4 58. Kf4 Rf3+ 0-1

[Event "XXXVI Torneo Internacional de La Roda 2"]
[Site "La Roda (Albacete) - ESPAÑA"]
[Date "2009.04.11"]
[Round "7.13"]
[White "Rojas Keim, Luis"]
[Black "Cori T, Deysi"]
[Result "1/2-1/2"]
[WhiteElo "2444"]
[BlackElo "2262"]
[PlyCount "77"]
[EventDate "2009.03.08"]

1. e4 e6 2. d3 d5 3. Nd2 Nf6 4. Ngf3 Nc6 5. c3 a5 6. e5 Nd7 7. d4 f6 8. Bb5
fxe5 9. dxe5 Be7 10. O-O O-O 11. Re1 Na7 12. Bd3 c5 13. c4 d4 14. Qe2 Rf7 15.
Ne4 Rxf3 16. gxf3 Nxe5 17. Nxc5 Nac6 18. f4 Nxd3 19. Nxd3 Bd7 20. Bd2 Qf8 21.
Qg4 Qf7 22. Qg3 Bd6 23. Ne5 Bxe5 24. fxe5 Ne7 25. b3 Bc6 26. a3 Rf8 27. f4 Nf5
28. Qg4 b6 29. b4 Ba8 30. Rac1 Nh6 31. Qh3 Qg6+ 32. Qg3 Qh5 33. h3 axb4 34.
axb4 Nf5 35. Qg4 Qf7 36. c5 bxc5 37. bxc5 Qd7 38. Kh2 Qd5 39. Re2 1/2-1/2

[Event "XXXVI Torneo Internacional de La Roda 2"]
[Site "La Roda (Albacete) - ESPAÑA"]
[Date "2009.04.11"]
[Round "7.14"]
[White "Picazo Lopez, Juan Antonio"]
[Black "Lopez Martinez, Josep Manuel"]
[Result "0-1"]
[WhiteElo "2232"]
[BlackElo "2557"]
[PlyCount "54"]
[EventDate "2009.03.08"]

1. d4 Nf6 2. c4 e6 3. Nc3 c5 4. d5 exd5 5. cxd5 d6 6. e4 g6 7. f4 Bg7 8. Bb5+
Nfd7 9. Be2 Qh4+ 10. g3 Qe7 11. Nf3 O-O 12. O-O Na6 13. Nd2 Nb6 14. Bf3 Nb4 15.
a3 Nd3 16. Qc2 c4 17. Nxc4 Nxf4 18. gxf4 Nxc4 19. Qd3 Qc7 20. Kh1 Bd7 21. Rb1
Rac8 22. Re1 Nxa3 23. Ra1 Nc4 24. Rxa7 Qb6 25. Ra1 Nxb2 26. Bxb2 Qxb2 27. Ne2
Qb5 0-1

[Event "XXXVI Torneo Internacional de La Roda 2"]
[Site "La Roda (Albacete) - ESPAÑA"]
[Date "2009.04.11"]
[Round "7.16"]
[White "Guerra Bastida, Diego"]
[Black "Almagro Mazariegos, Sebastian"]
[Result "0-1"]
[WhiteElo "2420"]
[BlackElo "2271"]
[PlyCount "74"]
[EventDate "2009.03.08"]

1. d4 Nf6 2. c4 e6 3. Nc3 Bb4 4. f3 d5 5. a3 Bxc3+ 6. bxc3 c5 7. cxd5 exd5 8.
e3 O-O 9. Bd3 b6 10. Ne2 Re8 11. O-O Ba6 12. Ng3 Bxd3 13. Qxd3 Nc6 14. Bb2 Rc8
15. Rae1 Qd7 16. e4 dxe4 17. fxe4 cxd4 18. cxd4 Ne5 19. Qb3 Nc4 20. d5 Nxb2 21.
Qxb2 Qd6 22. Kh1 Qe5 23. Qb5 g6 24. Re2 Re7 25. Ref2 Ne8 26. Qe2 Nd6 27. Rf6
Rc3 28. Qb2 Ne8 29. d6 Rd7 30. Nh5 Nxd6 31. Rxg6+ hxg6 32. Nf6+ Kg7 33. Nxd7
Qd4 34. Qa2 Nc4 35. Nb8 Rxa3 36. Qe2 Ra1 37. Nc6 Qxe4 0-1

[Event "XXXVI Torneo Internacional de La Roda 2"]
[Site "La Roda (Albacete) - ESPAÑA"]
[Date "2009.04.11"]
[Round "7.17"]
[White "Paredes Sanchez, Juan"]
[Black "Cori, Jorge"]
[Result "0-1"]
[WhiteElo "2204"]
[BlackElo "2418"]
[PlyCount "124"]
[EventDate "2009.03.08"]

1. b3 d6 2. Bb2 e5 3. g3 Nc6 4. Bg2 Nge7 5. e4 g6 6. Ne2 Bg7 7. d4 exd4 8. Nxd4
Ne5 9. Nc3 O-O 10. Qd2 Bg4 11. h3 Bd7 12. O-O-O N7c6 13. Nd5 Nxd4 14. Qxd4 f6
15. f4 Nc6 16. Qd2 a5 17. a3 Be6 18. Bf3 Ne7 19. h4 h5 20. Rhg1 Nxd5 21. exd5
Bf5 22. g4 hxg4 23. Bxg4 Qd7 24. Qg2 Bxg4 25. Qxg4 Qxg4 26. Rxg4 Kf7 27. Rdg1
Bh6 28. Bxf6 Rg8 29. Bg5 Bg7 30. f5 gxf5 31. Rf4 Kg6 32. Kd1 Rae8 33. Bd8+ Kh7
34. Bxc7 Bc3 35. Rgf1 Rg7 36. Bxd6 Rd7 37. R4f3 Bb2 38. Bf4 Rxd5+ 39. Rd3 Rxd3+
40. cxd3 Bxa3 41. Bc7 Kg6 42. Bxa5 Bc5 43. Re1 Rxe1+ 44. Bxe1 Kh5 45. Ke2 Kg4
46. b4 Bd4 47. Bf2 Bxf2 48. Kxf2 Kxh4 49. Kf3 Kg5 50. b5 b6 51. Ke3 Kf6 52. Kf4
Ke6 53. d4 Kd5 54. Kxf5 Kxd4 55. Kf4 Kc5 56. Ke3 Kxb5 57. Kd2 Kb4 58. Kc2 Ka3
59. Kb1 Kb3 60. Ka1 b5 61. Kb1 b4 62. Ka1 Kc2 0-1

[Event "XXXVI Torneo Internacional de La Roda 2"]
[Site "La Roda (Albacete) - ESPAÑA"]
[Date "2009.04.11"]
[Round "7.18"]
[White "Mena Corrochano, Alberto"]
[Black "Dolezal, Cristian"]
[Result "0-1"]
[WhiteElo "2165"]
[BlackElo "2406"]
[PlyCount "90"]
[EventDate "2009.03.08"]

1. d4 g6 2. Nf3 Bg7 3. c4 c5 4. d5 d6 5. g3 e5 6. Bg2 Na6 7. O-O Nh6 8. Nc3 O-O
9. Rb1 Nc7 10. e4 f5 11. Ne1 Nf7 12. Nd3 Bd7 13. a4 Rb8 14. Bd2 b6 15. f4 Ne8
16. exf5 gxf5 17. Bh3 e4 18. Nf2 Bd4 19. Qe1 Nf6 20. Be3 h5 21. Nfd1 Ng4 22.
Bxg4 hxg4 23. Nb5 Bf6 24. Nxa7 Ra8 25. Nc6 Bxc6 26. dxc6 d5 27. c7 Qxc7 28.
cxd5 Rxa4 29. Nc3 Rc4 30. Qe2 Rb4 31. Kh1 Nd6 32. Rbd1 Kf7 33. Kg2 Rh8 34. Rh1
Kg6 35. h3 gxh3+ 36. Rxh3 Rxh3 37. Kxh3 Qh7+ 38. Kg2 Qh5 39. Qxh5+ Kxh5 40. Bc1
Kg6 41. Kf2 Bd4+ 42. Ke2 Nc4 43. g4 Nxb2 44. d6 Nxd1 45. d7 Nxc3+ 0-1

[Event "XXXVI Torneo Internacional de La Roda 2"]
[Site "La Roda (Albacete) - ESPAÑA"]
[Date "2009.04.11"]
[Round "7.19"]
[White "Vehi Bach, Victor Manuel"]
[Black "Trepat Herranz, Joan"]
[Result "1/2-1/2"]
[WhiteElo "2393"]
[BlackElo "2251"]
[PlyCount "50"]
[EventDate "2009.03.08"]

1. e4 e5 2. Nf3 Nc6 3. Nc3 Nf6 4. Bb5 Bb4 5. O-O O-O 6. d3 d6 7. Ne2 Ne7 8. c3
Ba5 9. Ng3 Ng6 10. d4 c6 11. Ba4 Bc7 12. Re1 Re8 13. h3 h6 14. Bc2 Nh7 15. Be3
Ng5 16. dxe5 dxe5 17. Nxg5 hxg5 18. Qxd8 Bxd8 19. Bd1 Nf4 20. Bg4 Bxg4 21. hxg4
Bb6 22. Nf1 Rad8 23. Red1 f6 24. Bxb6 axb6 25. Ne3 b5 1/2-1/2

[Event "XXXVI Torneo Internacional de La Roda 2"]
[Site "La Roda (Albacete) - ESPAÑA"]
[Date "2009.04.11"]
[Round "7.20"]
[White "Arregui Untoria, Carlos"]
[Black "Granero Roca, Antonio"]
[Result "0-1"]
[WhiteElo "1984"]
[BlackElo "2393"]
[PlyCount "48"]
[EventDate "2009.03.08"]

1. d4 Nf6 2. c4 c5 3. d5 b5 4. cxb5 a6 5. bxa6 g6 6. Nc3 Bxa6 7. e4 Bxf1 8.
Kxf1 d6 9. g3 Bg7 10. Kg2 Nbd7 11. Nge2 Qa5 12. Be3 Ng4 13. Bf4 O-O 14. Nc1
Nge5 15. Qe2 Rfb8 16. Bxe5 Nxe5 17. f4 Nc4 18. Nb3 Qb4 19. e5 dxe5 20. Ne4 exf4
21. Ng5 Ne3+ 22. Kh3 c4 23. gxf4 Nxd5 24. Qe4 Nf6 0-1

[Event "XXXVI Torneo Internacional de La Roda 2"]
[Site "La Roda (Albacete) - ESPAÑA"]
[Date "2009.04.12"]
[Round "8.1"]
[White "Cornette, Matthieu"]
[Black "Suba, Mihai"]
[Result "0-1"]
[WhiteElo "2573"]
[BlackElo "2542"]
[PlyCount "39"]
[EventDate "2009.03.08"]

1. e4 c5 2. Nf3 d6 3. d4 Nf6 4. Nc3 cxd4 5. Nxd4 e6 6. Be2 a6 7. O-O Qc7 8. f4
Be7 9. Kh1 O-O 10. Qd3 Nc6 11. Nxc6 bxc6 12. b3 a5 13. Qg3 Rd8 14. Bb2 d5 15.
e5 Ne8 16. Bd3 g6 17. Qh3 Bf8 18. a4 Ba6 19. Rad1 Bxd3 20. Rxd3 {...} 0-1

[Event "XXXVI Torneo Internacional de La Roda 2"]
[Site "La Roda (Albacete) - ESPAÑA"]
[Date "2009.04.12"]
[Round "8.2"]
[White "Del Rio De Angelis, Salvador G"]
[Black "Movsziszian, Karen"]
[Result "1-0"]
[WhiteElo "2531"]
[BlackElo "2556"]
[PlyCount "50"]
[EventDate "2009.03.08"]

1. d4 Nf6 2. c4 g6 3. Nc3 Bg7 4. e4 d6 5. Nf3 O-O 6. Be2 e5 7. O-O Nbd7 8. Re1
h6 9. Rb1 Nh7 10. dxe5 dxe5 11. b4 f5 12. b5 Kh8 13. Ba3 Re8 14. Qc2 f4 15. c5
c6 16. Red1 Bf8 17. bxc6 bxc6 18. Qa4 Qf6 19. Ba6 Nxc5 20. Bxc5 Bxc5 21. Nd5
Qf7 22. Qxc6 Bxa6 23. Qxa6 Ng5 24. Nxg5 hxg5 25. Rb7 Re6 1-0

[Event "XXXVI Torneo Internacional de La Roda 2"]
[Site "La Roda (Albacete) - ESPAÑA"]
[Date "2009.04.12"]
[Round "8.3"]
[White "Korneev, Oleg"]
[Black "Vera Gonzalez-Quevedo, Reynaldo"]
[Result "1/2-1/2"]
[WhiteElo "2587"]
[BlackElo "2475"]
[PlyCount "41"]
[EventDate "2009.03.08"]

1. e4 c5 2. Nf3 d6 3. d4 Nf6 4. Nc3 cxd4 5. Nxd4 a6 6. Be3 e6 7. f3 b5 8. Qd2
b4 9. Na4 Nbd7 10. c4 bxc3 11. Nxc3 Bb7 12. Be2 Be7 13. O-O O-O 14. Rac1 Qb8
15. b4 Rd8 16. a4 d5 17. exd5 Nxd5 18. Nxd5 Bxd5 19. b5 axb5 20. Bxb5 Nc5 21.
Ra1 1/2-1/2

[Event "XXXVI Torneo Internacional de La Roda 2"]
[Site "La Roda (Albacete) - ESPAÑA"]
[Date "2009.04.12"]
[Round "8.4"]
[White "Starostits, Ilmars"]
[Black "Cruz, Cristhian"]
[Result "1-0"]
[WhiteElo "2464"]
[BlackElo "2544"]
[PlyCount "69"]
[EventDate "2009.03.08"]

1. e4 c5 2. Nc3 Nc6 3. g3 g6 4. Bg2 Bg7 5. d3 d6 6. f4 e5 7. Nh3 Nge7 8. O-O
Nd4 9. f5 gxf5 10. Qh5 h6 11. Rf2 Be6 12. Be3 Qd7 13. Raf1 Rf8 14. Nd5 fxe4 15.
Bxh6 Nxd5 16. Bxg7 e3 17. Bxf8 exf2+ 18. Rxf2 Ne3 19. Bh6 Nxg2 20. Bg5 Qc8 21.
c3 Ne1 22. cxd4 Nxd3 23. Rf6 Kd7 24. Qf3 c4 25. Rxf7+ Bxf7 26. Qxf7+ Kc6 27.
Qxc4+ Nc5 28. dxc5 Qxh3 29. Be7 Qf5 30. cxd6+ Kb6 31. b4 Qb1+ 32. Kg2 Qb2+ 33.
Kf3 e4+ 34. Kxe4 Qg2+ 35. Ke5 1-0

[Event "XXXVI Torneo Internacional de La Roda 2"]
[Site "La Roda (Albacete) - ESPAÑA"]
[Date "2009.04.12"]
[Round "8.5"]
[White "Paunovic, Dragan"]
[Black "Alvarez Pedraza, Aramis"]
[Result "0-1"]
[WhiteElo "2537"]
[BlackElo "2431"]
[PlyCount "70"]
[EventDate "2009.03.08"]

1. c4 Nf6 2. Nc3 c5 3. g3 Nc6 4. Bg2 g6 5. d3 Bg7 6. e4 d6 7. Nge2 e5 8. Bg5 h6
9. Bxf6 Bxf6 10. a3 Bg7 11. h4 Be6 12. h5 Qd7 13. Nd5 Rb8 14. Qa4 a6 15. Nb6
Qd8 16. Nd5 b5 17. Qc2 Qd7 18. Rb1 O-O 19. b3 Rb7 20. f3 Qe8 21. g4 f5 22. gxf5
gxf5 23. Kd2 Qd8 24. Bh3 Nd4 25. Nxd4 cxd4 26. Kc1 Bxd5 27. exd5 bxc4 28. dxc4
e4 29. Qg2 Qa5 30. Kb2 exf3 31. Qf2 Re8 32. Rhe1 Re2+ 33. Rxe2 fxe2 34. b4
Rxb4+ 35. axb4 Qxb4+ 0-1

[Event "XXXVI Torneo Internacional de La Roda 2"]
[Site "La Roda (Albacete) - ESPAÑA"]
[Date "2009.04.12"]
[Round "8.6"]
[White "Cabrera, Alexis"]
[Black "Llorente Zaro, Alfonso"]
[Result "1/2-1/2"]
[WhiteElo "2518"]
[BlackElo "2434"]
[PlyCount "265"]
[EventDate "2009.03.08"]

1. e4 e5 2. Nf3 Nc6 3. Bb5 Nd4 4. Nxd4 exd4 5. O-O c6 6. Ba4 d5 7. exd5 Qxd5 8.
Bb3 Qc5 9. d3 Nf6 10. Bf4 Nd5 11. Qf3 Be6 12. Nd2 Be7 13. Ne4 Qb6 14. Bd6 O-O
15. Bxd5 cxd5 16. Bxe7 dxe4 17. Qg3 Rfc8 18. Bf6 Bg4 19. Bxg7 Kxg7 20. Qxg4+
Qg6 21. Qd7 Rxc2 22. Qxd4+ Qf6 23. Qxe4 Rxb2 24. a4 Rd8 25. Rac1 Rd4 26. Qe8
Qd8 27. Qe5+ Qf6 28. Qg3+ Qg6 29. Qb8 Qd6 30. Qxa7 Rxd3 31. Qa5 Rd5 32. Qc3+
Qf6 33. Qg3+ Qg6 34. Qb8 Qd6 35. Qc8 Qd8 36. Qh3 Rbd2 37. Qg4+ Qg5 38. Qb4 R5d4
39. Qc3 R2d3 40. Qb2 Qf6 41. Qxb7 Rxa4 42. Rc6 Qg5 43. Rc7 Rf4 44. Qb2+ Qf6 45.
Qc1 Re4 46. Rc5 Re5 47. Rc4 Rdd5 48. h4 Qe6 49. Rc3 Re4 50. Rg3+ Kf8 51. Qa3+
Qe7 52. Qa8+ Rd8 53. Qa1 Qe5 54. Qc1 Qf4 55. Qc5+ Qd6 56. Qg5 h6 57. Qg7+ Ke7
58. Qc3 Qd4 59. Qc7+ Rd7 60. Qb8 Rd8 61. Qb7+ Rd7 62. Qa8 Rd8 63. Qa3+ Qd6 64.
Qc3 Qd4 65. Qc2 Qc4 66. Rc3 Qe2 67. Qc1 Re6 68. Rc2 Qe5 69. Rc5 Qe2 70. Qa1 Rd7
71. Rc8 Qa6 72. Qc1 Qd6 73. g3 Rd8 74. Rc4 Kf8 75. Qb1 Qd3 76. Qb4+ Qd6 77. Qb7
Qd5 78. Qb4+ Qd6 79. Qa5 Qd5 80. Rc5 Qd2 81. Qa1 Qd4 82. Qa3 Kg7 83. Rb5 Qd3
84. Rb3 Qd6 85. Qc1 Qd2 86. Qb1 Rf6 87. Rb4 Rdd6 88. Rb2 Qd3 89. Qa1 Qd4 90.
Qa3 Ra6 91. Qb4 Qxb4 92. Rxb4 Ra2 93. Rg4+ Kh7 94. Kg2 Rf5 95. Re4 h5 96. Re3
Kg6 97. Rf3 f6 98. Rb1 Rxf3 99. Kxf3 Rc2 100. Rb3 Ra2 101. Ke3 Rc2 102. Rd3 Ra2
103. Rd4 Rb2 104. f3 Ra2 105. Kf4 Rb2 106. g4 Rb5 107. Kg3 Ra5 108. Rd6 Kg7
109. Re6 Rb5 110. Kf4 Kf7 111. Re4 Kg6 112. Rd4 Ra5 113. Rd8 Ra4+ 114. Kg3 Ra5
115. Re8 Rb5 116. Rd8 Ra5 117. Rd6 Kg7 118. Kf4 Ra4+ 119. Kg3 Ra5 120. Kf4 Ra4+
121. Kf5 Ra5+ 122. Ke4 Re5+ 123. Kf4 Ra5 124. g5 Ra4+ 125. Kg3 fxg5 126. hxg5
h4+ 127. Kg2 Rf4 128. Re6 Rf5 129. Kh3 Rxf3+ 130. Kxh4 Rf1 131. Re7+ Kg6 132.
Re6+ Kg7 133. Rf6 1/2-1/2

[Event "XXXVI Torneo Internacional de La Roda 2"]
[Site "La Roda (Albacete) - ESPAÑA"]
[Date "2009.04.12"]
[Round "8.7"]
[White "Pozo Vera, Sandro"]
[Black "Almeida Quintana, Omar"]
[Result "1/2-1/2"]
[WhiteElo "2459"]
[BlackElo "2516"]
[PlyCount "21"]
[EventDate "2009.03.08"]

1. e4 e5 2. Nf3 Nf6 3. Nxe5 d6 4. Nf3 Nxe4 5. Qe2 Qe7 6. d3 Nf6 7. Bg5 Nbd7 8.
Nc3 h6 9. Bh4 c6 10. O-O-O Qxe2 11. Bxe2 1/2-1/2

[Event "XXXVI Torneo Internacional de La Roda 2"]
[Site "La Roda (Albacete) - ESPAÑA"]
[Date "2009.04.12"]
[Round "8.8"]
[White "Lopez Martinez, Josep Manuel"]
[Black "Granero Roca, Antonio"]
[Result "1/2-1/2"]
[WhiteElo "2557"]
[BlackElo "2393"]
[PlyCount "83"]
[EventDate "2009.03.08"]

1. e4 e5 2. Nf3 Nf6 3. Nxe5 d6 4. Nf3 Nxe4 5. Nc3 Nxc3 6. dxc3 Be7 7. Be3 Nc6
8. Qd2 Be6 9. O-O-O Qd7 10. h4 h6 11. c4 Bf6 12. Qd3 Ne5 13. Qb3 Nxf3 14. gxf3
Qc6 15. Rg1 a5 16. Bd4 O-O-O 17. Qc3 Bxd4 18. Rxd4 Qc5 19. Rxg7 Rhg8 20. Rg3 b6
21. a3 Qe5 22. f4 Qf6 23. Qe3 Qxh4 24. f5 Rxg3 25. fxg3 Qf6 26. c5 Qxf5 27.
Ba6+ Kd7 28. cxb6 cxb6 29. Qxh6 Qe5 30. Qd2 Rh8 31. b4 axb4 32. Qxb4 Qc5 33.
Qa4+ Ke7 34. Be2 Ra8 35. Qxa8 Qxd4 36. Qa7+ Kf6 37. Qb8 Qa1+ 38. Kd2 Qxa3 39.
Qd8+ Kg7 40. Qg5+ Kf8 41. Qd8+ Kg7 42. Qg5+ 1/2-1/2